Satisfiability problem : theory and applications : DIMACS workshop, March 11-13, 1996
Αποθηκεύτηκε σε:
| Συγγραφή απο Οργανισμό/Αρχή: | |
|---|---|
| Άλλοι συγγραφείς: | , , |
| Μορφή: | Βιβλίο |
| Γλώσσα: | English |
| Δημοσίευση: |
Providence, R.I. :
American Mathematical Society,
c1997
|
| Σειρά: | DIMACS series in discrete mathematics and theoretical computer science ;
; 35 |
| Θέματα: | |
| Ετικέτες: |
Προσθήκη ετικέτας
Δεν υπάρχουν, Καταχωρήστε ετικέτα πρώτοι!
|
MARC
| LEADER | 00000nam a2200000 i 4500 | ||
|---|---|---|---|
| 001 | 1/73168 | ||
| 008 | 990322s1997 eng d | ||
| 020 | |a 0-8218-0479-0 | ||
| 035 | |l 10048753 | ||
| 040 | |a GR-MY-UA |b gre |e aacr | ||
| 041 | 0 | |a eng | |
| 082 | 0 | |a 511.3 | |
| 245 | 1 | 0 | |a Satisfiability problem : |b theory and applications : DIMACS workshop, March 11-13, 1996 / |c Dingzhu Du, Jun Gu, Panos M. Pardalos, editors. |
| 260 | |a Providence, R.I. : |b American Mathematical Society, |c c1997 | ||
| 300 | |a xv, 724 σ. : |b εικ. ; |c 27 εκ. | ||
| 490 | 1 | |a DIMACS series in discrete mathematics and theoretical computer science |v ; 35 | |
| 500 | |a "NSF science and Technology Center Discrete Mathematics and Theoretical Computer Science. A consortium of Rutgers University, Princeton University, AT&T Labs, Bell Labs, and Bellcore" | ||
| 504 | |a Includes bibliographical references | ||
| 650 | 0 | 0 | |a Propositional calculus |x Congresses. |
| 650 | 0 | 0 | |a Decision making |x Congresses. |
| 650 | 0 | 0 | |a Computer algorithms |x Congresses. |
| 650 | 0 | 0 | |a Computer science |x Congresses. |
| 700 | 1 | |a Du, Dingzhu. |4 edt | |
| 700 | 1 | |a Gu, Jun |d 1956- |4 edt | |
| 700 | 1 | |a Παρδαλός, Πάνος Μ. |4 edt | |
| 710 | 2 | |a NSF Science and Technology Center in Discrete Mathematics and Theoretical Computer Science. | |
| 830 | 0 | |a DIMACS series in discrete mathematics and theoretical computer science ; |v ; 35 | |
| 852 | |a INST |b SAMOS |e 19990916 |h 511.3 SAT |p 005300012293 |q 005300012293 |t BK |y 0 | ||
| 852 | |a INST |b SAMOS |e 19990322 |h 511.3 SAT |p 005300013007 |q 005300013007 |t BK |y 0 | ||
| 901 | |a BIBL3-1999-3 | ||
| 909 | |a Σ |b 064084 | ||
| 909 | |a Σ |b 067148 | ||
| 922 | |a 3ΕΛΗ |b 199901 |c ΚΠΣ |d GLORY | ||
| 922 | |a 3ΕΛΗ |b 199907 |c ΕΠΕΑΕΚ/ΜΑΘ |d ΠΑΠΑΣΩΤΗΡΙΟΥ | ||
| 970 | |a ΓΕΝΟΥΖΟΥ |b ΧΡΥΣΑΝΘΗ |z 1999/09/16 | ||